[Event "Sueca op 7th"]
[Site "Sueca"]
[Date "2023.08.12"]
[Round "8"]
[White "Deusa Ballesteros, Lucas"]
[Black "Mellado Sais, Carles"]
[Result "1/2-1/2"]
[WhiteElo "1971"]
[BlackElo "1637"]
[PlyCount "106"]
[EventDate "2023.08.07"]
[EventType "swiss"]
[EventRounds "9"]
[EventCountry "ESP"]
[SourceTitle "CBM 215 Extra"]
[Source "ChessBase"]
[SourceDate "2023.09.30"]
[SourceVersion "1"]
[SourceVersionDate "2023.09.30"]
[SourceQuality "1"]

1. c4 Nf6 2. Nc3 g6 3. g3 Bg7 4. Bg2 d6 5. e4 0-0 6. Nge2 c5 7. 0-0 Nc6 8. d3 Rb8 9. h3 Ne8 10. f4 Nc7 11. Kh1 a6 12. a4 b5 13. cxb5 axb5 14. e5 Qd7 15. exd6 exd6 16. f5 Bb7 17. f6 Bh8 18. Ne4 Ne6 19. Bf4 d5 20. N4c3 Nxf4 21. Rxf4 Nb4 22. axb5 d4 23. Ne4 Qxb5 24. Ra3 Nd5 25. Rb3 Qa5 26. Ra3 Qc7 27. Rf2 Ne3 28. Qc1 Rfc8 29. Kh2 Nxg2 30. Rxg2 Re8 31. Nf4 Bxe4 32. dxe4 Rxe4 33. Nd5 Qd6 34. Ne7+ Rxe7 35. fxe7 Qxe7 36. Rf3 Rb7 37. Rgf2 Qf8 38. Qc4 Bg7 39. Rc2 Qb8 40. Rff2 Bf8 41. Kg2 Qa8 42. Kh2 Qb8 43. Qd5 Qc7 44. Kg2 Qd7 45. Qf3 Rb6 46. Kh2 Re6 47. Rce2 Rxe2 48. Qxe2 Bd6 49. Qd3 Qc7 50. Rc2 h5 51. Kg2 Qc6+ 52. Qf3 Qxf3+ 53. Kxf3 Kg7 1/2-1/2

[Event "Sueca op 7th"]
[Site "Sueca"]
[Date "2023.08.12"]
[Round "7"]
[White "Mellado Sais, Carles"]
[Black "Bertomeu Ginestar, Antoni"]
[Result "1/2-1/2"]
[WhiteElo "1637"]
[BlackElo "1982"]
[PlyCount "49"]
[EventDate "2023.08.07"]
[EventType "swiss"]
[EventRounds "9"]
[EventCountry "ESP"]
[SourceTitle "CBM 215 Extra"]
[Source "ChessBase"]
[SourceDate "2023.09.30"]
[SourceVersion "1"]
[SourceVersionDate "2023.09.30"]
[SourceQuality "1"]

1. d4 Nf6 2. c4 g6 3. Nc3 Bg7 4. e4 d6 5. Be2 0-0 6. h4 h5 7. Be3 c5 8. d5 b5 9. e5 Ng4 10. Bxg4 Bxg4 11. f3 Bf5 12. g4 b4 13. gxf5 bxc3 14. bxc3 Bxe5 15. Qc2 e6 16. fxg6 Qf6 17. Ne2 Qxf3 18. gxf7+ Rxf7 19. Kd2 exd5 20. Raf1 Qe4 21. Rhg1+ Kf8 22. Bh6+ Ke7 23. Bg5+ Kf8 24. Bh6+ Ke7 25. Bg5+ 1/2-1/2

[Event "ESP-ch U12"]
[Site "Salobrena"]
[Date "2023.07.12"]
[Round "4"]
[White "Morales Anadon, Javier"]
[Black "Mellado Sais, Carles"]
[Result "0-1"]
[WhiteElo "1515"]
[BlackElo "1689"]
[PlyCount "68"]
[EventDate "2023.07.10"]
[EventType "swiss"]
[EventRounds "9"]
[EventCountry "ESP"]
[SourceTitle "EXT 2024"]
[Source "ChessBase"]
[SourceDate "2023.10.10"]
[SourceVersion "1"]
[SourceVersionDate "2023.10.10"]
[SourceQuality "1"]

1. e4 c5 2. Nf3 d6 3. d4 cxd4 4. Nxd4 Nf6 5. Nc3 a6 6. Be3 e5 7. Nb3 Be6 8. f3 Be7 9. Qd2 0-0 10. 0-0-0 Nbd7 11. g4 b5 12. Kb1 Nb6 13. h4 Nc4 14. Bxc4 bxc4 15. Nc1 Rb8 16. Nd5 Bxd5 17. exd5 Rb5 18. c3 Nxd5 19. Ne2 Nxe3 20. Qxe3 Qb8 21. Qc1 Qb7 22. Rh3 Rb8 23. Rd2 d5 24. Ng3 Bc5 25. Rg2 Be3 26. Qc2 d4 27. cxd4 exd4 28. Rhh2 d3 29. Qc3 Qxf3 30. a3 Rb3 31. Qxc4 Qd1+ 32. Ka2 d2 33. Rxd2 Bxd2 34. Qd4 Rxa3+ 0-1

[Event "ESP-ch U12"]
[Site "Salobrena"]
[Date "2023.07.10"]
[Round "1"]
[White "Mellado Sais, Carles"]
[Black "Alonso Novas, Mateo"]
[Result "1-0"]
[WhiteElo "1689"]
[BlackElo "1234"]
[PlyCount "147"]
[EventDate "2023.07.10"]
[EventType "swiss"]
[EventRounds "9"]
[EventCountry "ESP"]
[SourceTitle "EXT 2024"]
[Source "ChessBase"]
[SourceDate "2023.10.10"]
[SourceVersion "1"]
[SourceVersionDate "2023.10.10"]
[SourceQuality "1"]

1. d4 Nf6 2. c4 g6 3. Nc3 Bg7 4. e4 d6 5. Be2 0-0 6. h4 e5 7. d5 Nbd7 8. h5 Nc5 9. Bf3 a5 10. Be3 b6 11. Nge2 Ba6 12. b3 Qd7 13. Nc1 Rab8 14. a4 Bb7 15. Nd3 Nxd3+ 16. Qxd3 Bc8 17. Rd1 Qd8 18. Nb5 Bd7 19. Qd2 Ng4 20. Bxg4 Bxg4 21. f3 Bd7 22. Bh6 Rc8 23. g4 Qf6 24. Ke2 Bxh6 25. Qxh6 Qg7 26. hxg6 fxg6 27. Qd2 Qf6 28. Rdf1 Qg7 29. Rh6 Qf6 30. Rhh1 Qg7 31. Rf2 Qf6 32. Ke1 Rf7 33. Qe3 Bxb5 34. cxb5 Rcf8 35. Rhf1 Qf4 36. Ke2 Qg3 37. Qh6 Qf4 38. Qxf4 Rxf4 39. Ke3 R8f7 40. Rc1 Rd7 41. Rc3 g5 42. Rfc2 Rff7 43. Rc4 Kg7 44. b4 axb4 45. Rxb4 Rf8 46. Rbc4 Rc8 47. Rc6 Kf8 48. Rxb6 Ke8 49. Rb7 Kd8 50. a5 Ra8 51. a6 Kc8 52. Ra2 h6 53. Ra3 Rf7 54. b6 Rd7 55. Ra7 Kb8 56. Rb7+ Kc8 57. Kd3 cxb6 58. Rxb6 Raa7 59. Rab3 Kd8 60. Kc4 Rdc7+ 61. Kb5 Kd7 62. Ka5 Rc5+ 63. R3b5 Rxb5+ 64. Kxb5 Kc7 65. Rc6+ Kb8 66. Kb6 Ra8 67. Rxd6 Kc8 68. a7 h5 69. gxh5 g4 70. h6 Rxa7 71. Kxa7 g3 72. h7 g2 73. h8Q+ Kc7 74. Qd8# 1-0

[Event "Alzira op 12th"]
[Site "Alzira"]
[Date "2022.12.27"]
[Round "1"]
[White "Buenafe Moya, Javier"]
[Black "Mellado Sais, Carles"]
[Result "1-0"]
[WhiteElo "2146"]
[BlackElo "1537"]
[PlyCount "73"]
[EventDate "2022.12.27"]
[EventType "swiss"]
[EventRounds "8"]
[EventCountry "ESP"]
[SourceTitle "CBM 212 Extra"]
[Source "ChessBase"]
[SourceDate "2023.03.31"]
[SourceVersion "1"]
[SourceVersionDate "2023.03.31"]
[SourceQuality "1"]

1. c4 Nf6 2. g3 g6 3. Bg2 Bg7 4. Nf3 0-0 5. b3 e5 6. Bb2 d6 7. 0-0 e4 8. Ne1 Nbd7 9. Nc3 Qe7 10. d3 e3 11. f3 c6 12. Nc2 h5 13. Qc1 Bh6 14. Ne4 d5 15. Ba3 c5 16. Nxc5 Nxc5 17. d4 b6 18. dxc5 bxc5 19. f4 h4 20. Qxe3 Qd7 21. cxd5 Re8 22. Qd3 Bb7 23. e4 hxg3 24. hxg3 Qg4 25. Bxc5 Rac8 26. Bf2 g5 27. Ne3 Qd7 28. Nf5 Bf8 29. Bd4 Nh5 30. Qf3 Ng7 31. Bh3 Qc7 32. fxg5 Bc5 33. Bxc5 Qxc5+ 34. Kh2 Qc2+ 35. Rf2 Qxe4 36. Qxe4 Rxe4 37. Nd6 1-0

[Event "Mislata op rapid"]
[Site "Mislata"]
[Date "2022.08.16"]
[Round "3"]
[White "Valdepenas Octavio, Javier"]
[Black "Mellado Sais, Carles"]
[Result "1-0"]
[WhiteElo "2192"]
[BlackElo "1530"]
[PlyCount "51"]
[EventDate "2022.08.15"]
[EventType "swiss (rapid)"]
[EventRounds "8"]
[EventCountry "ESP"]
[SourceTitle "EXT 2024"]
[Source "ChessBase"]
[SourceDate "2023.10.10"]
[SourceVersion "1"]
[SourceVersionDate "2023.10.10"]
[SourceQuality "1"]

1. e4 c5 2. Nf3 d6 3. d4 cxd4 4. Nxd4 Nf6 5. Nc3 a6 6. Bg5 Nbd7 7. Bc4 b5 8. Bd5 Nxd5 9. Nxd5 Bb7 10. 0-0 Bxd5 11. exd5 Rc8 12. a4 h6 13. Be3 b4 14. Nc6 Rxc6 15. dxc6 Ne5 16. Qe2 Qc8 17. c7 g5 18. c3 bxc3 19. Rfc1 Bg7 20. Rxc3 0-0 21. Rac1 f5 22. Bd4 f4 23. Bxe5 Bxe5 24. Rb3 Qa8 25. Qc4+ d5 26. Qc6 1-0

[Event "ESP-ch U10"]
[Site "Salobrena"]
[Date "2021.06.28"]
[Round "2"]
[White "Torres Rebolledo, Alvaro"]
[Black "Mellado Sais, Carles"]
[Result "1-0"]
[WhiteElo "1535"]
[BlackElo "1166"]
[PlyCount "59"]
[EventDate "2021.06.28"]
[EventType "swiss"]
[EventRounds "9"]
[EventCountry "ESP"]
[SourceTitle "EXT 2022"]
[Source "ChessBase"]
[SourceDate "2021.10.06"]
[SourceVersion "1"]
[SourceVersionDate "2021.10.06"]
[SourceQuality "1"]

1. e4 c5 2. d4 cxd4 3. c3 Nf6 4. e5 Nd5 5. cxd4 e6 6. Nf3 Be7 7. Bc4 Nb6 8. Bb3 Nc6 9. 0-0 d5 10. Be3 0-0 11. a3 Nc4 12. Bxc4 dxc4 13. Nbd2 b5 14. a4 Ba6 15. Rc1 Na5 16. axb5 Bxb5 17. Qe2 Qd5 18. Qd1 c3 19. bxc3 Bxf1 20. Qxf1 Rfc8 21. c4 Qb7 22. Qd3 Bb4 23. Ng5 Bxd2 24. Qxh7+ Kf8 25. Qh8+ Ke7 26. Qxg7 Ke8 27. Qg8+ Kd7 28. Qxf7+ Kc6 29. Qxe6+ Kc7 30. Qd6# 1-0